| 000 | 01081cam a22003497a 4500 | ||
|---|---|---|---|
| 003 | CHAP | ||
| 005 | 20220817041657.0 | ||
| 008 | 971013s1994 r 00010 d | ||
| 010 | _a21345 | ||
| 011 | _a22317 | ||
| 035 | _a26411 | ||
| 040 | _cCHAP | ||
| 082 |
_a631.3 _bF45f v.2 |
||
| 110 | 2 | _aFAO | |
| 245 | 0 |
_aGénie agricole et développement _b: manuel de formation aux techniques de forgeage niveau moyen |
|
| 260 |
_aRome : _bFAO, _c1994 |
||
| 300 | _a79 p. | ||
| 410 | _aFAO | ||
| 490 | 0 |
_aFAO. Servicios agrícolas _v; 88/2 |
|
| 590 |
_aBATCH-UPD _b10 _c20130110 _lUCH01 _h1558 |
||
| 590 |
_aBATCH-UPD _b10 _c20130410 _lUCH01 _h0956 |
||
| 590 |
_aBATCH-UPD _b10 _c20130914 _lUCH01 _h1342 |
||
| 590 |
_aCONVERSION _b10 _c20130109 _lUCH01 _h1313 |
||
| 650 | 1 | 4 |
_aIngeniería agrícola. _958196 |
| 650 | 1 | 4 |
_aMaquinaria agrícola _xFabricación y comercio. _971172 |
| 700 | 0 | _aStokes, J. B. | |
| 810 | 0 | _aFAO | |
| 830 | 0 | 0 |
_aFAO. Servicios agrícolas _v; 88/2 _939697 |
| 901 | _aBK | ||
| 942 | _cLIBRO | ||
| 949 |
_a631.3 F45f v.2 _bBC _cFAO _d-60907 _eFAO1 _h87130 _i26411 _si |
||
| 999 |
_c21345 _d21345 |
||